| 000 | 02385nam0a2200349 i 4500 | ||
|---|---|---|---|
| 001 | RU\NLR\BIBL_A\011615272 | ||
| 005 | 20260405154853.0 | ||
| 010 |
_a9785740802084 _9500 |
||
| 021 |
_aRU _b2017-101547 _97325 |
||
| 035 | _a(RuMoRGB)009504402 | ||
| 035 | _a(NLR Aleph) 011615272 | ||
| 090 |
_a10955157 _c10955157 |
||
| 100 | _a20180131d2017 u y0rusy50 ca | ||
| 101 | 0 | _arus | |
| 102 | _aRU | ||
| 105 | _aacb|e|||000zd | ||
| 200 | 1 |
_aУральский государственный архитектурно-художественный университет _dThe Ural state university of architecture and art _eэнциклопедический словарь _fМинистерство образования и науки Российской Федерации, Федеральное государственное бюджетное образовательное учреждение высшего образования "Уральский государственный архитектурно-художественный университет" (УрГАХУ) _g[редакционный совет: главный редактор В.А. Блинов, к.т.н., проф. и др.] _zeng |
|
| 210 |
_aЕкатеринбург _cАрхитектон _d2017 |
||
| 215 |
_a397, [1] с., [36] л. ил., цв. ил., портр., карт. _cил., портр. _d25 |
||
| 320 | _aБиблиогр.: с. 357-394 (39 назв.) и в конце ст. | ||
| 510 | 1 |
_aUral state university of architecture and art _zeng |
|
| 601 | 0 | 2 |
_aУральский государственный архитектурно-художественный университет _cЕкатеринбург, город _jСловари _92306692 _3RU\NLR\AUTH\6601606775 |
| 686 |
_aН.р(2)3-5я2 _2rubbk |
||
| 686 | 1 | _aЧ488.758.814(2Р)7я21 | |
| 702 | 1 |
_4340 _8rus _7ca _aБлинов _bВ. А. _cписатель, архитектор _f1938- _gВладимир Александрович _3RU\NLR\AUTH\7765758 _948687 |
|
| 710 | 0 | 2 |
_aУральский государственный архитектурно-художественный университет _cЕкатеринбург _9523923 _3RU\NLR\AUTH\880429769 |
| 942 | _cBOOK | ||
| 980 | _aNBR | ||